<?xml version="1.0" encoding="UTF-8"?>
<record
    xmlns:xsi="http://www.w3.org/2001/XMLSchema-instance"
    xsi:schemaLocation="http://www.loc.gov/MARC21/slim http://www.loc.gov/standards/marcxml/schema/MARC21slim.xsd"
    xmlns="http://www.loc.gov/MARC21/slim">

  <leader>01746nam a2200253 a 4500</leader>
  <controlfield tag="005">20200104041610.0</controlfield>
  <controlfield tag="008">140129b2004    ck ||||| |||| 00| 0 spa d</controlfield>
  <datafield tag="040" ind1=" " ind2=" ">
    <subfield code="c">CO-BoIH</subfield>
  </datafield>
  <datafield tag="041" ind1=" " ind2=" ">
    <subfield code="a">spa</subfield>
  </datafield>
  <datafield tag="090" ind1=" " ind2=" ">
    <subfield code="a">IAVH</subfield>
    <subfield code="b">01021</subfield>
  </datafield>
  <datafield tag="100" ind1=" " ind2=" ">
    <subfield code="a">D&#xED;az Buelvas, Susana Margarita</subfield>
    <subfield code="9">5754</subfield>
  </datafield>
  <datafield tag="245" ind1=" " ind2=" ">
    <subfield code="a">Propuesta pedag&#xF3;gica de sensibilizaci&#xF3;n y capacitaci&#xF3;n para mineros de peque&#xF1;a escala. Documento bases conceptuales y enfoque de la propuesta pedag&#xF3;gica</subfield>
  </datafield>
  <datafield tag="260" ind1=" " ind2=" ">
    <subfield code="a">Bogot&#xE1;</subfield>
    <subfield code="b">Instituto Alexander von Humboldt</subfield>
    <subfield code="c">2004</subfield>
  </datafield>
  <datafield tag="300" ind1=" " ind2=" ">
    <subfield code="a">18 p.</subfield>
  </datafield>
  <datafield tag="520" ind1=" " ind2=" ">
    <subfield code="a">Presenta una propuesta desarrollada con un grupo de mineros de peque&#xF1;a escala en el Municipio de Ubat&#xE9;, para aumentar los niveles de conciencia y conocimiento con relaci&#xF3;n al impacto que la miner&#xED;a tiene sobre la biodiversidad; espec&#xED;ficamente frente al manejo apropiado de est&#xE9;riles, desag&#xFC;e, derrumbes y el proceso de entibaci&#xF3;n, que son los aspectos que mayor impacto negativo producen sobre el medio ambiente, adem&#xE1;s de elevar sus niveles de conocimiento respecto a los mecanismos que permiten prevenir, mitigar y controlar los efectos nocivos de la miner&#xED;a sobre la biodiversidad. En general, propone un esfuerzo comunicativo facilitador de definici&#xF3;n de criterios para la toma de desiciones adecuadas entre este gremio de mineros de peque&#xF1;a escala, que conduzcan a disminuir el impacto negativo de esta actividad econ&#xF3;mica sobre el medio ambiente en general y la biodiversidad en particular.</subfield>
  </datafield>
  <datafield tag="650" ind1=" " ind2=" ">
    <subfield code="a">Miner&#xED;a</subfield>
    <subfield code="9">30714</subfield>
  </datafield>
  <datafield tag="650" ind1=" " ind2=" ">
    <subfield code="a">Impacto ambiental</subfield>
    <subfield code="9">92215</subfield>
  </datafield>
  <datafield tag="650" ind1=" " ind2=" ">
    <subfield code="a">Concientizaci&#xF3;n</subfield>
    <subfield code="9">5755</subfield>
  </datafield>
  <datafield tag="650" ind1=" " ind2=" ">
    <subfield code="a">Metodolog&#xED;a</subfield>
    <subfield code="9">120</subfield>
  </datafield>
  <datafield tag="650" ind1=" " ind2=" ">
    <subfield code="a">Toma de desiciones</subfield>
    <subfield code="9">5756</subfield>
  </datafield>
  <datafield tag="700" ind1=" " ind2=" ">
    <subfield code="a">M&#xE1;rquez Ram&#xED;rez, Mar&#xED;a Fernanda</subfield>
    <subfield code="9">5757</subfield>
  </datafield>
  <datafield tag="942" ind1=" " ind2=" ">
    <subfield code="c">INFORME</subfield>
    <subfield code="2">z</subfield>
  </datafield>
  <datafield tag="945" ind1=" " ind2=" ">
    <subfield code="d">2008-09-16</subfield>
  </datafield>
  <datafield tag="999" ind1=" " ind2=" ">
    <subfield code="c">6591</subfield>
    <subfield code="d">6591</subfield>
  </datafield>
  <datafield tag="952" ind1=" " ind2=" ">
    <subfield code="0">0</subfield>
    <subfield code="1">0</subfield>
    <subfield code="2">z</subfield>
    <subfield code="4">0</subfield>
    <subfield code="7">0</subfield>
    <subfield code="8">HUMBOLDT</subfield>
    <subfield code="I">INV2017</subfield>
    <subfield code="a">Bogota</subfield>
    <subfield code="b">Bogota</subfield>
    <subfield code="d">2008-09-16</subfield>
    <subfield code="l">0</subfield>
    <subfield code="o">IAVH-01021</subfield>
    <subfield code="p">026396</subfield>
    <subfield code="r">2024-08-09 00:00:00</subfield>
    <subfield code="t">Ej. 1</subfield>
    <subfield code="w">2012-12-04</subfield>
    <subfield code="x">Dep&#xF3;sito Institucional</subfield>
    <subfield code="y">INFORME</subfield>
  </datafield>
</record>
